000 00278nam a22001337a 4500
008 170420b xxu||||| |||| 00| 0 eng d
020 _a9780822053064
041 _aeng
080 _a573
100 _a11
101 _aSHM
245 _aBIOLOGY
_cALCAMO, I.E
942 _2udc
_cBK
999 _c11361
_d11361